000 00553nam a2200181Ia 4500
999 _c29827
_d29827
003 OSt
005 20210112133814.0
008 190216s9999||||xx |||||||||||||| ||und||
020 _a9788124018279
040 _coclc
082 _a894.81
_bSNAI/S
100 _aNair, Panmana Ramachandran
_97082
245 0 _aSampoorna Malayala Sahithya Charithram /
_cPanmana Ramachandran Nair
260 _bCurrent Books,
_c2010.
_aKottayam:
300 _a1000p
650 _aMalayalam
942 _cBK
_2ddc
_h894.81
_iSNAI/S
_k894.81
_mSNAI/S